000
00291nam a2200121Ia 4500
008
190216s9999||||xx |||||||||||||| ||und||
100
_a
Krishna Dev Magari
245
0
_a
Hindi-Bangladesh Sathpratha Aur Bharath Pak Yudh
260
_b
Parag
300
_a
270
650
_a
Hindi
942
_c
BK
999
_c
16416
_d
16416